[Event "TUR Cup"]
[Site "Adapazari"]
[Date "2022.03.29"]
[Round "7"]
[White "Camdereli, Gunduz"]
[Black "Sahin, Handenur"]
[Result "0-1"]
[WhiteElo "1737"]
[BlackElo "1997"]
[PlyCount "66"]
[EventDate "2022.03.25"]
[EventType "swiss"]
[EventRounds "11"]
[EventCountry "TUR"]
[SourceTitle "EXT 2023"]
[Source "ChessBase"]
[SourceDate "2022.10.05"]
[SourceVersion "1"]
[SourceVersionDate "2022.10.05"]
[SourceQuality "1"]

1. e4 e5 2. Nf3 Nc6 3. Bb5 a6 4. Ba4 Nf6 5. 0-0 Be7 6. Re1 b5 7. Bb3 d6 8. c3 0-0 9. h3 Nd7 10. d4 Bf6 11. d5 Ne7 12. a4 Bb7 13. axb5 axb5 14. Rxa8 Qxa8 15. Na3 Ba6 16. Nc2 Nc5 17. Nb4 Bb7 18. Bc2 g6 19. Nh2 Bg7 20. Ng4 Kh8 21. Ne3 Bc8 22. g4 Bd7 23. Qf3 Qc8 24. Rf1 f5 25. gxf5 gxf5 26. Nxf5 Nxf5 27. exf5 e4 28. Qe2 Bxf5 29. f4 Bxh3 30. Rf2 Rg8 31. Kh2 Bg4 32. Qf1 Qf5 33. Kg1 Bh3 0-1

[Event "TUR Cup"]
[Site "Antalya"]
[Date "2020.02.01"]
[Round "10"]
[White "Camdereli, Gunduz"]
[Black "Uzuner, Tufan Can"]
[Result "1-0"]
[WhiteElo "1763"]
[BlackElo "1939"]
[PlyCount "39"]
[EventDate "2020.01.26"]
[EventType "swiss"]
[EventRounds "11"]
[EventCountry "TUR"]
[SourceTitle "CBM 194 Extra"]
[Source "ChessBase"]
[SourceDate "2020.03.31"]
[SourceVersion "1"]
[SourceVersionDate "2020.03.31"]
[SourceQuality "1"]

1. e4 c6 2. d4 d5 3. Nc3 dxe4 4. Nxe4 Nf6 5. Nxf6+ exf6 6. c3 Bd6 7. Bd3 0-0 8. Ne2 Re8 9. Qc2 h5 10. 0-0 h4 11. Bd2 h3 12. Rfe1 Nd7 13. Ng3 Rxe1+ 14. Rxe1 Nf8 15. Nf5 hxg2 16. Nxd6 Qxd6 17. Re8 f5 18. Bg5 f6 19. Bc4+ Kh8 20. Qe2 1-0

[Event "TUR Cup"]
[Site "Antalya"]
[Date "2020.01.28"]
[Round "4"]
[White "Camdereli, Gunduz"]
[Black "Kalender, Murat Emre"]
[Result "1-0"]
[WhiteElo "1763"]
[BlackElo "1618"]
[PlyCount "53"]
[EventDate "2020.01.26"]
[EventType "swiss"]
[EventRounds "11"]
[EventCountry "TUR"]
[SourceTitle "CBM 194 Extra"]
[Source "ChessBase"]
[SourceDate "2020.03.31"]
[SourceVersion "1"]
[SourceVersionDate "2020.03.31"]
[SourceQuality "1"]

1. e4 Nf6 2. e5 Nd5 3. d4 d6 4. Nf3 g6 5. Be2 Bg7 6. 0-0 Nc6 7. c4 Nb6 8. exd6 cxd6 9. d5 Ne5 10. Nxe5 Bxe5 11. Nc3 Bf5 12. Be3 Rc8 13. Bd4 Nxc4 14. Bxc4 Rxc4 15. Bxe5 dxe5 16. Qe2 Qc7 17. d6 exd6 18. Nb5 Qc5 19. Qxc4 Qb6 20. Rfd1 0-0 21. Nxd6 Be6 22. Qb5 Qc7 23. Rac1 Qe7 24. Qxe5 h5 25. Re1 Qd7 26. Ne4 Qa4 27. Nf6+ 1-0

[Event "TUR Cup"]
[Site "Antalya"]
[Date "2020.01.27"]
[Round "3"]
[White "Caglar, Ahmet Ata"]
[Black "Camdereli, Gunduz"]
[Result "1-0"]
[WhiteElo "2065"]
[BlackElo "1763"]
[PlyCount "91"]
[EventDate "2020.01.26"]
[EventType "swiss"]
[EventRounds "11"]
[EventCountry "TUR"]
[SourceTitle "CBM 194 Extra"]
[Source "ChessBase"]
[SourceDate "2020.03.31"]
[SourceVersion "1"]
[SourceVersionDate "2020.03.31"]
[SourceQuality "1"]

1. d4 Nf6 2. c4 e6 3. Nc3 d5 4. Nf3 Be7 5. Bg5 Nbd7 6. e3 0-0 7. Qc2 c6 8. Rc1 Re8 9. Bd3 dxc4 10. Bxc4 b5 11. Bd3 a6 12. 0-0 Bb7 13. Ne5 Nf8 14. Ne4 Nxe4 15. Bxe7 Qxe7 16. Bxe4 Rac8 17. Qc5 f6 18. Nd3 Qc7 19. Qh5 g6 20. Qh6 Ba8 21. Rc3 Qa5 22. a3 Rcd8 23. h4 e5 24. dxe5 f5 25. Bf3 Qb6 26. h5 c5 27. Bxa8 c4 28. Nf4 Rxa8 29. Nd5 Qe6 30. Nf6+ Kf7 31. Nxe8 Rxe8 32. e4 fxe4 33. Qf4+ Qf5 34. Qxf5+ gxf5 35. f3 Ke6 36. fxe4 fxe4 37. Rf6+ Kxe5 38. Rxa6 Ne6 39. a4 Nc5 40. Ra5 Nxa4 41. Rxc4 Nb6 42. Rxb5+ Nd5 43. Rcc5 Rd8 44. Rxd5+ Rxd5 45. Rxd5+ Kxd5 46. Kf2 1-0

[Event "TUR Cup"]
[Site "Antalya"]
[Date "2019.01.31"]
[Round "7"]
[White "Camdereli, Gunduz"]
[Black "Kirali, Mehmet"]
[Result "1-0"]
[WhiteElo "1724"]
[BlackElo "1890"]
[PlyCount "71"]
[EventDate "2019.01.27"]
[EventType "swiss"]
[EventRounds "11"]
[EventCountry "TUR"]
[SourceTitle "CBM 188 Extra"]
[Source "ChessBase"]
[SourceDate "2019.02.26"]
[SourceVersion "1"]
[SourceVersionDate "2019.02.26"]
[SourceQuality "1"]

1. e4 Nc6 2. Nf3 e5 3. Bb5 a6 4. Ba4 Nf6 5. 0-0 Be7 6. Re1 b5 7. Bb3 d6 8. c3 0-0 9. h3 Bb7 10. d4 h6 11. Nbd2 Re8 12. Nf1 Bf8 13. Ng3 Na5 14. Bc2 c5 15. d5 Nc4 16. b3 Nb6 17. Nf5 Qd7 18. g4 Kh7 19. g5 Ng8 20. gxh6 g6 21. Ng5+ Kh8 22. Nh4 Bxh6 23. Qf3 Kg7 24. Kh2 Bxg5 25. Bxg5 f6 26. Bd2 Ne7 27. Rg1 Rh8 28. Rg4 Rh7 29. Rag1 Rah8 30. Rxg6+ Nxg6 31. Rxg6+ Kf8 32. Qxf6+ Ke8 33. Nf5 Nc8 34. Rg7 Ne7 35. Rxe7+ Qxe7 36. Nxe7 1-0

[Event "TUR Cup										"]
[Site "Antalya"]
[Date "2018.02.02"]
[Round "10"]
[White "Dogan, Sevval"]
[Black "Camdereli, Gunduz"]
[Result "1/2-1/2"]
[WhiteElo "1861"]
[BlackElo "1580"]
[PlyCount "108"]
[EventDate "2018.01.27"]
[EventType "swiss"]
[EventRounds "11"]
[EventCountry "TUR"]
[SourceTitle "CBM 182 Extra"]
[Source "ChessBase"]
[SourceDate "2018.02.23"]
[SourceVersion "1"]
[SourceVersionDate "2018.02.23"]
[SourceQuality "1"]

1. e4 e5 2. Nf3 Nc6 3. Bb5 a6 4. Ba4 Nf6 5. 0-0 Be7 6. Re1 b5 7. Bb3 0-0 8. h3 d6 9. c3 Na5 10. Bc2 c5 11. d4 Qc7 12. d5 c4 13. Nbd2 Nb7 14. Nf1 Nc5 15. g4 Bd7 16. Ng3 g6 17. Bh6 Rfb8 18. Kg2 Qc8 19. Rh1 Ne8 20. Nh2 b4 21. Rf1 bxc3 22. bxc3 Bf6 23. Qd2 Rb2 24. Qd1 Nc7 25. Bc1 Rb7 26. Qd2 Be8 27. g5 Bg7 28. Ng4 Nd7 29. Qe2 Nb5 30. Qf3 Qd8 31. a4 Na7 32. Ne3 Rc8 33. Ba3 Bf8 34. h4 f6 35. Qg4 fxg5 36. hxg5 Rcc7 37. Rh1 a5 38. Qe6+ Bf7 39. Qh3 h5 40. gxh6 Kh7 41. Ng4 Nc8 42. Nh2 Nc5 43. Bxc5 Rxc5 44. Nf3 Rb2 45. Rac1 Qf6 46. Qg4 Be7 47. Ne2 Rc7 48. Neg1 Qf4 49. Qxf4 exf4 50. Nd4 Bf6 51. Nb5 Re7 52. f3 Be8 53. Ne2 Bxb5 54. axb5 Rxb5 1/2-1/2

[Event "TUR Cup										"]
[Site "Antalya"]
[Date "2018.02.01"]
[Round "8"]
[White "Kaya, Mehmet Roni"]
[Black "Camdereli, Gunduz"]
[Result "1/2-1/2"]
[WhiteElo "1571"]
[BlackElo "1580"]
[PlyCount "84"]
[EventDate "2018.01.27"]
[EventType "swiss"]
[EventRounds "11"]
[EventCountry "TUR"]
[SourceTitle "CBM 182 Extra"]
[Source "ChessBase"]
[SourceDate "2018.02.23"]
[SourceVersion "1"]
[SourceVersionDate "2018.02.23"]
[SourceQuality "1"]

1. e4 c5 2. f4 Nc6 3. Nf3 g6 4. Bc4 Bg7 5. Nc3 e6 6. e5 d6 7. exd6 Qxd6 8. d3 b6 9. 0-0 Nge7 10. Ne4 Qc7 11. c3 0-0 12. Qe2 Na5 13. Bb5 a6 14. Ba4 Nd5 15. g3 Bb7 16. Bc2 Rfe8 17. a3 f5 18. Neg5 h6 19. Nh3 c4 20. d4 b5 21. Bd2 Rad8 22. Rae1 Qc6 23. Qg2 Qb6 24. Qf2 Nf6 25. Qe2 Ng4 26. Bd1 Qc6 27. Nf2 Nb3 28. Be3 e5 29. dxe5 Bxe5 30. Nxg4 fxg4 31. fxe5 gxf3 32. Qf2 Nd2 33. Bxd2 Rxd2 34. Qxf3 Rg2+ 35. Kh1 Qd7 36. Qxg2 Bxg2+ 37. Kxg2 Qc7 38. Bf3 Rxe5 39. Rd1 Re3 40. Bd5+ Kg7 41. Rf7+ Qxf7 42. Bxf7 Kxf7 1/2-1/2